Miss Universe Semifinalists since 2000 - Statistics

General Stats
  • This quiz has been taken 202 times
    39 since last reset
  • The average score is 159 of 435
Answer Stats
Country Semifinalist % Correct
China Zhao Na
94%
Thailand Praveenar Singh
83%
Venezuela Dayana Mendoza
78%
Vietnam Nguyen Tran Khanh Van
78%
Colombia Paulina Vega
78%
Japan Riyo Mori
78%
Philippines Ahtisa Manalo
72%
Dominican Republic Amelia Vega
72%
Philippines Catriona Gray
72%
Mexico Fátima Bosch
72%
Australia Jennifer Hawkins
72%
Panama Justine Pasek
72%
India Lara Dutta
72%
USA Olivia Jordan
72%
USA R'Bonney Gabriel
72%
Venezuela Stefanía Fernández
72%
Colombia Vanessa Pulgarín
72%
South Africa Zozibini Tunzi
72%
Puerto Rico Zuleyka Rivera
72%
Mexico Andrea Meza
67%
Philippines Chelsea Manalo
67%
Jamaica Emily Maddison
67%
Canada Natalie Glebova
67%
Côte d'Ivoire Olivia Yacé
67%
Nicaragua Sheynnis Palacios
67%
Mexico Ximena Navarrete
67%
Thailand Anntonia Porsild
61%
Colombia Ariadna Gutiérrez
61%
Venezuela Gabriela Isler
61%
Chile Inna Moll
61%
Angola Leila Lopes
61%
Philippines Michelle Dee
61%
USA Olivia Culpo
61%
Mexico Sofía Aragón
61%
Venezuela Stephany Abasali
61%
South Africa Tamaryn Green
61%
Colombia Camila Avella
56%
Venezuela Claudia Moreno
56%
Puerto Rico Denise Quiñones
56%
South Korea Honey Lee
56%
Venezuela Irene Esser
56%
France Iris Mittenaere
56%
Mexico Kristal Silva
56%
Australia Moraya Wilson
56%
Paraguay Nadia Ferreira
56%
Philippines Pia Wurtzbach
56%
Philippines Rachel Peters
56%
India Shilpa Singh
56%
Colombia Taliana Vargas
56%
Miss Universe Latina Yamilex Hernández
56%
Jamaica Yendi Phillipps
56%
Canada Amelia Tu
50%
Philippines Beatrice Gomez
50%
Chile Celeste Viel
50%
USA Cheslie Kryst
50%
South Africa Demi-Leigh Nel-Peters
50%
Venezuela Diana Silva
50%
India Divita Rai
50%
India Harnaaz Sandhu
50%
Philippines Janine Tugonon
50%
China Jin Ye
50%
Puerto Rico Karla Guilfú
50%
Puerto Rico Madison Anderson
50%
Philippines Maxine Medina
50%
Venezuela Mónica Spear
50%
USA Nia Sanchez
50%
Russia Oksana Fedorova
50%
Guadeloupe Ophély Mézino
50%
Thailand Suchata Chuangsri
50%
USA Susie Castillo
50%
India Vartika Singh
50%
Philippines Venus Raj
50%
Paraguay Yanina González
50%
Dominican Republic Ada Aimee de la Cruz
44%
Venezuela Amanda Dudamel
44%
Colombia Andrea Tovar
44%
Philippines Ariella Arida
44%
Spain Athenea Pérez
44%
Peru Camila Escribens
44%
USA Chelsea Cooley
44%
Chile Emilia Dides
44%
Pakistan Erica Robin
44%
France Flora Coquerel
44%
Brazil Gabriela Lacerda
44%
Brazil Gabriela Markus
44%
Brazil Gislaine Ferreira
44%
Venezuela Ileana Márquez
44%
El Salvador Isabella García-Manzo
44%
Cameroon Issie Princesse
44%
Puerto Rico Jennifer Colón
44%
Brazil Julia Gama
44%
Peru Kelin Rivera
44%
Japan Kurara Chibana
44%
Colombia Laura González
44%
Cuba Lina Luaces
44%
USA Lynnette Cole
44%
Costa Rica Mahyla Roth
44%
Philippines Mary Jean Lastimosa
44%
Puerto Rico Michelle Colón
44%
Puerto Rico Monic Pérez
44%
Thailand Paweensuda Drouin
44%
Brazil Priscila Machado
44%
USA Rachel Smith
44%
Brazil Raissa Santana
44%
Philippines Shamcey Supsup
44%
USA Shandi Finnessey
44%
Venezuela Sthefany Gutiérrez
44%
India Tanushree Dutta
44%
Australia Tegan Martin
44%
Venezuela Vanessa Gonçalves
44%
Paraguay Yanina Gómez
44%
Puerto Rico Zashely Alicea
44%
Puerto Rico Alba Reyes
39%
USA Alyssa Campanella
39%
Switzerland Bianca Sissing
39%
Colombia Catherine Daza
39%
Thailand Chalita Suansane
39%
Jamaica Christine Straw
39%
South Africa Cindy Nell
39%
Ecuador Constanza Báez
39%
Venezuela Cynthia Lander
39%
Puerto Rico Cynthia Olavarría
39%
Bolivia Desiree Durán
39%
Mexico Elisa Nájera
39%
France Élodie Gossuin
39%
USA Erin Brady
39%
Venezuela Eva Ekvall
39%
France Ève Gilles
39%
Greece Evelina Papantoniou
39%
Estonia Evelyn Mikomägi
39%
Costa Rica Fabiana Granados
39%
Tanzania Flaviana Matata
39%
Nicaragua Geyssell García
39%
Spain Helen Lindes
39%
Peru Janick Maceta
39%
Costa Rica Johanna Solano
39%
Malta Julia Cluett
39%
USA Kandace Krueger
39%
USA Kristen Dalton
39%
Venezuela Ly Jonaitis
39%
Colombia María Fernanda Aristizábal
39%
Mexico María Fernanda Beltrán
39%
Dominican Republic Marianne Cruz
39%
France Marie Payet
39%
Portugal Marina Machete
39%
Brazil Melissa Gurgel
39%
Costa Rica Nancy Soto
39%
Brazil Natália Guimarães
39%
India Neha Dhupia
39%
Spain Patricia Yurena Rodríguez
39%
Philippines Rabiya Mateo
39%
Brazil Rafaela Zanella
39%
Guatemala Raschel Paz
39%
Serbia & Montenegro Sanja Papić
39%
France Sonia Rolland
39%
Portugal Sylvie Silva
39%
Peru Tatiana Calmell
39%
Argentina Valentina Ferrer
39%
Colombia Valerie Domínguez
39%
Denmark Victoria Kjær Theilvig
39%
Dominican Republic Yaritza Reyes
39%
Kosovo Afërdita Dreshaj
33%
Nigeria Agbani Darego
33%
Hungary Ágnes Konkoly
33%
Canada Alice Panikian
33%
Great Britain Amy Willerton
33%
Angola Ana Sebastião
33%
Dominican Republic Andreína Martínez
33%
Indonesia Anindya Kusuma Putri
33%
Albania Anisa Kospiri
33%
Russia Anna Litvinova
33%
Indonesia Artika Sari Devi
33%
USA Audrey Eckert
33%
Denmark Betina Faurbye
33%
Turkey Çağıl Özge Özkul
33%
France Camille Cerf
33%
Colombia Catalina Robayo
33%
India Celina Jaitly
33%
Dominican Republic Celinee Santos
33%
Thailand Charm Osathanond
33%
France Chloé Mortaud
33%
Albania Cindy Marina
33%
Dominican Republic Clarissa Molina
33%
Italy Claudia Ferraris
33%
South Africa Claudia Henkel
33%
Spain Claudia Moro
33%
France Clémence Botino
33%
Zimbabwe Corinne Crewe
33%
USA Crystle Stewart
33%
Trinidad & Tobago Danielle Jones
33%
Peru Débora Sulca
33%
Cyprus Demetra Eleftheriou
33%
USA Deshauna Barber
33%
Spain Desirée Cordero
33%
Kosovo Diana Avdiu
33%
Ukraine Diana Harkusha
33%
Ethiopia Dina Fekadu
33%
Israel Elena Ralph
33%
Indonesia Elvira Devinamira
33%
Greece Evangelia Aravani
33%
Spain Eva Sisó
33%
Thailand Farung Yuthithum
33%
Trinidad & Tobago Faye Alibocus
33%
Switzerland Fiona Hefti
33%
Chile Gabriela Barros
33%
Curaçao Gabriëla Dos Santos
33%
Colombia Gabriela Tafur
33%
Philippines Gazini Ganados
33%
Albania Hasna Xhukiçi
33%
Norway Helene Tråsavik
33%
Vietnam H'Hen Nie
33%
Japan Hiroko Mima
33%
Latvia Ieva Kokoreviča
33%
Israel Ilanit Levy
33%
France Indira Ampiot
33%
Nicaragua Itza Castillo
33%
Brazil Jakelyne Oliveira
33%
Hungary Jázmin Dammak
33%
Australia Jesinta Campbell
33%
Sweden Josephine Alhanko
33%
Brazil Júlia Horta
33%
Jamaica Kaci Fennell
33%
Mexico Karina González
33%
Norway Kathrine Sørland
33%
Panama Keity Drennan
33%
Netherlands Kelly Weekers
33%
Trinidad & Tobago Kenisha Thom
33%
Venezuela Keysi Sayago
33%
Indonesia Kezia Warouw
33%
Dominican Republic Kimberly Jiménez
33%
Canada Kim Yee
33%
Australia Laura Dundovic
33%
Mexico Laura Elizondo
33%
Switzerland Lauriane Gilliéron
33%
France Laury Thilleman
33%
Paraguay Lourdes Arévalos
33%
Czech Republic Lucie Hadasová
33%
Venezuela Luiseth Materán
33%
China Luo Zilin
33%
Ukraine Lyudmila Bikmullina
33%
France Maëva Coucke
33%
Argentina Magalí Benejam
33%
Argentina Magalí Romitelli
33%
Trinidad & Tobago Magdalene Walcott
33%
India Manasi Moghe
33%
India Manika Vishwakarma
33%
Ecuador Mara Topić
33%
Venezuela Mariana Jiménez
33%
Venezuela Mariángel Ruíz
33%
Greece Marietta Chrousala
33%
Kosovo Marigona Dragusha
33%
Brazil Mayra Dias
33%
Puerto Rico Mayra Matos
33%
South Africa Melinda Bam
33%
Angola Micaela Reis
33%
Japan Miyako Miyazaki
33%
Australia Monika Radulovic
33%
Australia Monique Riley
33%
Palestine Nadeen Ayoub
33%
Nicaragua Nastassja Bolívar
33%
Colombia Natalia Navarro
33%
Germany Natascha Börger
33%
Namibia Ndapewa Alfons
33%
Canada Neelam Verma
33%
India Neha Kapur
33%
Vietnam Nguyen Thuy Lam
33%
USA Noelia Voigt
33%
India Noyonita Lodh
33%
Russia Oksana Kalandyrets
33%
Ukraine Olesya Stefanko
33%
Mexico Priscila Perales
33%
India Puja Gupta
33%
Haiti Raquel Pélissier
33%
South Africa Refilwe Mthimunye
33%
Australia Renae Ayris
33%
Sweden Renate Cerljen
33%
Mexico Rosalva Luna
33%
Mexico Rosa María Ojeda
33%
Croatia Sarah Ćosić
33%
Panama Sheldry Sáez
33%
Panama Stefanie de Roux
33%
South Africa Tansey Coetzee
33%
USA Tara Conner
33%
South Africa Tatum Keshwar
33%
Portugal Telma Madeira
33%
Angola Telma Sonhi
33%
Slovenia Tjaša Kokalj
33%
Russia Valentina Alekseeva
33%
Italy Valentina Bonariva
33%
Colombia Valeria Ayos
33%
Peru Valeria Piazza
33%
South Africa Vanessa Carreira
33%
Russia Vera Krasova
33%
Puerto Rico Viviana Ortíz
33%
Switzerland Whitney Toyloy
33%
Indonesia Whulandary Herman
33%
Nicaragua Xiomara Blandino
33%
Netherlands Yasmin Verheijen
33%
Denmark Žaklina Šojić
33%
Kosovo Zana Krasniqi
33%
Belgium Zeynep Sever
33%
Hungary Adrienn Bende
28%
Peru Alessia Rovegno
28%
Thailand Amanda Obdam
28%
Nicaragua Ana Marcelo
28%
Albania Angela Martini
28%
Thailand Aniporn Chalermburanawong
28%
Ukraine Anna Poslavska
28%
Aruba Anouk Eman
28%
Japan Ariana Miyamoto
28%
Puerto Rico Ashley Cariño
28%
Panama Brenda Smith
28%
Colombia Catalina Acosta
28%
Nigeria Chidimma Adetshina
28%
Belgium Cilou Annys
28%
Peru Claudia Ortíz de Zevallos
28%
Jamaica Davina Bennett
28%
Switzerland Dominique Rinderknecht
28%
Czech Republic Eliška Bučková
28%
Croatia Elizabeta Burg
28%
Russia Elizaveta Golovanova
28%
USA Elle Smith
28%
South Africa Heather Hamilton
28%
Ukraine Inna Tsymbalyuk
28%
Costa Rica Ivonne Cerdas
28%
Canada Jaime VandenBerg
28%
Namibia Jameela Uiras
28%
Nepal Jane Garrett
28%
Dominican Republic Jennifer Ventura
28%
Guatemala Jessica Scheel
28%
Czech Republic Jitka Válková
28%
Japan Juri Watanabe
28%
Czech Republic Kateřina Smržová
28%
South Africa Lalela Mswane
28%
Portugal Laura Gonçalves
28%
Colombia Laura Olascuaga
28%
Canada Lauren Howe
28%
Canada Leanne Cecile
28%
China Ling Zhuo
28%
Poland Magdalena Swat
28%
France Malika Ménard
28%
Poland Marcelina Zawadzka
28%
Canada Marta Stepien
28%
Brazil Marthina Brandt
28%
Kenya Mary Esther Were
28%
Venezuela Migbelis Castellanos
28%
Jamaica Miqueal-Symone Williams
28%
Vietnam Nguyen Cao Ky Duyen
28%
Peru Nicole Faverón
28%
South Africa Nicole Flint
28%
Nigeria Olutosin Araromi
28%
Laos Payengxa Lor
28%
Australia Rachael Finch
28%
Dominican Republic Renata Soñé
28%
Zimbabwe Sakhile Dube
28%
Malaysia Sandra Lim
28%
Australia Scherri-Lee Biggs
28%
India Shweta Sharda
28%
Ecuador Susana Rivadeneira
28%
Mexico Wendolly Esparza
28%
India Adline Castelino
22%
Curaçao Akisha Albert
22%
Spain Alicia Faubel
22%
Argentina Alina Akselrad
22%
France Amandine Petit
22%
Canada Ashley Callingbull
22%
USA Asya Branch
22%
South Africa Bryoni Govender
22%
Macau Cassandra Chiu
22%
Bahamas Chantel O'Brian
22%
Sri Lanka Christina Peiris
22%
Cambodia Davin Prasath
22%
Great Britain Emma Collingridge
22%
Puerto Rico Estefanía Soto
22%
Indonesia Frederika Alexis Cull
22%
Vietnam Hoang Thi Thuy
22%
Iceland Ingibjörg Egilsdóttir
22%
Russia Irina Antonenko
22%
Serbia Ivana Trišić
22%
China Jia Qi
22%
Jamaica Jordanne Levy
22%
Bolivia Juliana Barrientos
22%
Curaçao Kanisha Sluis
22%
Japan Kaori Hashimoto
22%
Japan Kaya Chakrabortty
22%
Puerto Rico Kiara Ortega
22%
Croatia Laura Gnjatović
22%
Egypt Logina Salah
22%
Zimbabwe Lyshanda Moyas
22%
Puerto Rico Mariana Paola Vicente
22%
Cuba Marianela Ancheta
22%
Australia Maria Thattil
22%
Finland Matilda Wirtavuori
22%
Haiti Mideline Phelizor
22%
Singapore Nandita Banna
22%
Costa Rica Natalia Carvajal
22%
South Africa Ndavi Nokeri
22%
Vietnam Nguyen Huynh Kim Duyen
22%
Ukraine Olga Storozhenko
22%
India Rhea Singha
22%
China Roxette Qiu
22%
Ireland Rozanna Purcell
22%
Canada Siera Bearchell
22%
Spain Sofía del Prado
22%
Rwanda Solange Keita
22%
Bangladesh Tangia Methila
22%
Aruba Thessaly Zimmerman
22%
Trinidad & Tobago Tya Jané Ramey
22%
Great Britain Anna Burdzy
17%
Belgium Annelies Törös
17%
Indonesia Ayu Maulida
17%
Iceland Birta Abiba Þórhallsdóttir
17%
Ireland Cailín Toibín
17%
Curaçao Chantal Wiertz
17%
Dominican Republic Clauvid Dály
17%
Australia Francesca Hung
17%
Czech Republic Iveta Lutovská
17%
Great Britain Jeanette Akua
17%
Nepal Manita Devkota
17%
Thailand Maria Poonlertlarp
17%
Croatia Mia Rkman
17%
Brazil Monalysa Alcântara
17%
Netherlands Nathalie Mogbelzada
17%
USA Sarah Rose Summers
17%
Indonesia Sonia Fergina Citra
17%
Thailand Sophida Kanchanarin
17%
Venezuela Thalía Olvino
17%
Myanmar Thuzar Wint Lwin
17%
Belgium Zoé Brunet
17%
Great Britain Dee-Ann Kentish-Rogers
11%
Hungary Enikő Kecskés
11%
Ireland Grainne Gallanagh
11%
USA Kára McCullough
11%
Ghana Ruth Quarshie
11%
Croatia Shanaelle Petty
11%
No matching quizzes found
Score Distribution
Percent of People with Each Score
Percentile by Number Answered
Your Score History
You have not taken this quiz since the last reset